Ballon d'or 1999 - Statistiques

Statistiques générales
  • Ce quiz a été pris 65 fois
  • Le résultat moyen est 9 sur 31
Statistiques - réponses
Rang Joueurs Nationalité Points % Correct
Ronaldo Brésil 2
88%
5 Luís Figo Portugal 38
79%
1 Rivaldo Brésil 219
77%
Zinédine Zidane France 4
77%
3 Andriy Chevtchenko Ukraine 64
73%
2 David Beckham Angleterre 154
56%
6 Roy Keane Irlande 36
54%
4 Gabriel Batistuta Argentine 48
50%
15 Pavel Nedvěd République Tchèque 8
42%
9 Raúl Espagne 27
40%
Roberto Carlos Brésil 1
40%
Ryan Giggs Pays de Galles 3
38%
23 Hernán Crespo Argentine 2
25%
17 Peter Schmeichel Danemark 6
25%
10 Lothar Matthäus Allemagne 16
23%
8 Juan Sebastián Verón Argentine 30
21%
Edgar Davids Pays-Bas 1
19%
7 Christian Vieri Italie 33
15%
11 Dwight Yorke Trinité-et-Tobago 14
10%
Andy Cole Angleterre 1
8%
Marcelo Salas Chili 1
8%
19 Oliver Bierhoff Allemagne 4
8%
Nwankwo Kanu Nigeria 2
6%
13 Siniša Mihajlović Yougoslavie 12
4%
12 Jaap Stam Pays-Bas 13
2%
21 Mario Basler Allemagne 3
2%
16 Mário Jardel Brésil 7
2%
18 Stefan Effenberg Allemagne 5
2%
14 Zlatko Zahovič Slovénie 9
2%
26 Claudio López Argentine 1
0%
David Ginola France 1
0%
Aucun quiz correspondant
Distribution des résultats
% des personnes avec chaque résultat
Percentile par nombre de réponses
Votre historique - résultats
Vous n’avez pas pris ce quiz